The economic structure of tort law

Αποθηκεύτηκε σε:
Λεπτομέρειες βιβλιογραφικής εγγραφής
Κύριος συγγραφέας: Landes, William M.
Άλλοι συγγραφείς: Posner, Richard A.
Μορφή: Βιβλίο
Γλώσσα:English
Δημοσίευση: Cambridge : Harvard University Press, 1987
Θέματα:
Ετικέτες: Προσθήκη ετικέτας
Δεν υπάρχουν, Καταχωρήστε ετικέτα πρώτοι!

MARC

LEADER 00000pam a2200000 i 4500
001 1/94115
008 940907s1987 eng d
020 |a 0-674-23051-5 
035 |l 10009098 
040 |a GR-MY-UA  |b gre  |e aacr 
041 0 |a eng 
082 0 |a 346.7303 
100 1 |a Landes, William M. 
245 1 4 |a The economic structure of tort law /  |c William M. Landes and Richard A. Posner 
260 |a Cambridge :   |b Harvard University Press,   |c 1987 
300 |a ix, 329 p.;  |c 25 cm 
504 |a Includes bibliographical references and indexes 
650 0 0 |a Torts  |x Economic aspects  |z United States. 
700 1 |a Posner, Richard A. 
852 |a INST  |b LESVOS  |e 19940907  |h 346.7303 LAN  |p 005100002307  |q 005100002307  |t BK  |y 0 
909 |a Λ  |b 035676